000 00306nam a22001217a 4500
008 181129b xxu||||| |||| 00| 0 eng d
041 _aeng
080 _a043.3
100 _a0
101 _aBTH-SHKI
245 _aIntelegjenca Artificiale në luftimin e krimeve kibernetike
_cVranovci,V
942 _2udc
_cBK
999 _c52629
_d52629